Top 10 najdroższe transfery w piłce nożnej - Statystyki

Ogólne statystyki
  • Ten quiz został rozwiązany 391 razy
  • Średni wynik to 5 z 10
Statystyki odpowiedzi
Hint Odpowiedź % Poprawnych
1. 17/18 222mln Neymar
96%
2. 18/19 180mln Kylian Mbappe
90%
9. 18/19 117 mln Cristiano Ronaldo
83%
4. 17/18 135 mln Ousmane Dembele
60%
3. 17/18 135 mln Philippe Coutinho
54%
7. 19/20 120 mln Antoine Griezmann
35%
8. 21/22 117.5 mln Jack Grealish
29%
5. 19/20 127.2 mln Joao Felix
26%
6. 22/23 121 mln Enzo Fernandez
24%
10. 23/24 116.6 mln Declan Rice
22%
Nie znaleziono quizów pasujących do podanych kryteriów
Rozkład punktacji
Procent ludzi z każdym wynikiem
Percentyl według liczby udzielonych odpowiedzi
Twoja historia wyników
Nie rozwiązałeś tego quizu